| 000 | 01296cam a2200325 a 4500 | ||
|---|---|---|---|
| 001 | 12307452 | ||
| 003 | OSt | ||
| 005 | 20160903164911.0 | ||
| 008 | 010212s2001 nyu 000 1 eng | ||
| 010 | _a 2001019284 | ||
| 020 | _a0375506306 | ||
| 040 |
_aDLC _cDLC _dDLC |
||
| 043 | _an-us--- | ||
| 050 | 0 | 0 |
_aPS3553.L2225 _bO29 2001 |
| 082 | 0 | 0 |
_aDFic _22001 _bC52o |
| 100 | 1 |
_aClair, Maxine, _d1939- |
|
| 245 | 1 | 0 |
_aOctober suite : _ba novel / _cMaxine Clair. |
| 250 | _a1st ed. | ||
| 260 |
_aNew York : _bRandom House, _cc2001. |
||
| 300 |
_a322 pages ; _c25 cm. |
||
| 650 | 0 |
_aFiction _914085 |
|
| 655 | 7 |
_aDomestic fiction. _2lcsh |
|
| 655 | 7 |
_aBildungsromans. _2gsafd |
|
| 856 | 4 | 2 |
_3Contributor biographical information _uhttp://www.loc.gov/catdir/bios/random053/2001019284.html |
| 856 | 4 | 1 |
_3Sample text _uhttp://www.loc.gov/catdir/samples/random044/2001019284.html |
| 856 | 4 | 2 |
_3Publisher description _uhttp://www.loc.gov/catdir/description/random0411/2001019284.html |
| 906 |
_a7 _bcbc _corignew _d1 _eocip _f20 _gy-gencatlg |
||
| 942 |
_2ddc _cDFIC |
||
| 999 |
_c4325 _d4325 |
||